|
|
|
|
| LEADER |
00000nlm0a2200000 4500 |
| 001 |
641729 |
| 005 |
20240124161047.0 |
| 029 |
1 |
0 |
|a RU
|b 63663
|c Пат.
|d МПК A 61B 5/04
|
| 035 |
|
|
|a (RuTPU)RU\TPU\network\6646
|
| 035 |
|
|
|a RU\TPU\network\4756
|
| 039 |
0 |
|
|a RU
|b 2006145812/22
|c 20061222
|
| 090 |
|
|
|a 641729
|
| 100 |
|
|
|a 20150530j20070610k y0rusy50 ca
|
| 101 |
0 |
|
|a rus
|
| 102 |
|
|
|a RU
|
| 105 |
|
|
|a a k 000zy
|
| 135 |
|
|
|a drgn ---uucaa
|
| 181 |
|
0 |
|a i
|
| 182 |
|
0 |
|a b
|
| 200 |
1 |
|
|a Устройство для оценки электрических свойств головного мозга
|e полезная модель
|f Я. С. Пеккер [и др.]
|g ИТМ
|
| 203 |
|
|
|a Текст
|c электронный
|
| 300 |
|
|
|a опубл. 10.06.07
|
| 330 |
|
|
|a Устройство относится к медицинской технике, в частности, к электронным приборам для регистрации электрических свойств головного мозга и может быть использовано для проведения нейрофизиологических исследований, оценки состояния мозгового кровообращения, обнаружения злокачественных новообразований и других объемных процессов.
|
| 610 |
1 |
|
|a патенты
|
| 610 |
1 |
|
|a труды учёных ТПУ
|
| 610 |
1 |
|
|a электронный ресурс
|
| 610 |
1 |
|
|a изобретения
|
| 610 |
1 |
|
|a полезные модели
|
| 610 |
1 |
|
|a электрические свойства
|
| 610 |
1 |
|
|a головной мозг
|
| 610 |
1 |
|
|a медицинская техника
|
| 610 |
1 |
|
|a нейрофизиология
|
| 610 |
1 |
|
|a кровообращение
|
| 701 |
|
1 |
|a Пеккер
|b Я. С.
|c специалист в области электроники и медицинской техники
|c профессор Томского политехнического университета, кандидат технических наук
|f 1940-
|g Яков Семенович
|3 (RuTPU)RU\TPU\pers\25941
|
| 701 |
|
1 |
|a Виллисов
|b Г. Т.
|
| 701 |
|
1 |
|a Десятов
|b В. А.
|
| 701 |
|
1 |
|a Бразовский
|b К. С.
|c специалист в области электроники
|c кандидат медицинских наук, доцент Томского политехнического университета
|f 1971-
|g Константин Станиславович
|3 (RuTPU)RU\TPU\pers\32927
|9 16775
|
| 701 |
|
1 |
|a Уманский
|b О. С.
|
| 701 |
|
1 |
|a Фокин
|b А. В.
|c специалист в области медицинской электроники
|c ассистент Томского политехнического университета
|f 1982-
|g Александр Васильевич
|3 (RuTPU)RU\TPU\pers\25535
|
| 712 |
1 |
2 |
|a ИТМ
|
| 801 |
|
1 |
|a RU
|b 63413507
|c 20120201
|
| 801 |
|
2 |
|a RU
|b 63413507
|c 20160609
|g RCR
|
| 856 |
4 |
|
|u http://www1.fips.ru/Archive/PAT/2007FULL/2007.06.10/DOC/RUNWU1/000/000/000/063/663/document.pdf
|
| 942 |
|
|
|c CF
|